OBJECT ORIENTED PROGRAMMING LANGAUAGE (Record no. 6543)

MARC details
000 -LEADER
fixed length control field 00500nam a2200241Ia 4500
001 - CONTROL NUMBER
control field 072705
003 - CONTROL NUMBER IDENTIFIER
control field YMCAF
005 - DATE AND TIME OF LATEST TRANSACTION
control field 20230512160811.0
008 - FIXED-LENGTH DATA ELEMENTS--GENERAL INFORMATION
fixed length control field 100717s9999 ||||||||||||||||| ||und|d
020 ## - INTERNATIONAL STANDARD BOOK NUMBER
International Standard Book Number -
024 ## - OTHER STANDARD IDENTIFIER
Standard number or code 72705
035 ## - SYSTEM CONTROL NUMBER
System control number 12168
040 ## - CATALOGING SOURCE
Original cataloging agency YMCAF
Language of cataloging eng
Transcribing agency IN-KoLT
041 ## - LANGUAGE CODE
Language code of text/sound track or separate title eng
082 ## - DEWEY DECIMAL CLASSIFICATION NUMBER
Classification number 005.133
Item number BAL
100 ## - MAIN ENTRY--PERSONAL NAME
Personal name BALAGURUSAMY
245 #0 - TITLE STATEMENT
Title OBJECT ORIENTED PROGRAMMING LANGAUAGE
250 ## - EDITION STATEMENT
Edition statement -
260 ## - PUBLICATION, DISTRIBUTION, ETC.
Name of publisher, distributor, etc. TMH
653 ## - INDEX TERM--UNCONTROLLED
Uncontrolled term -
653 ## - INDEX TERM--UNCONTROLLED
Uncontrolled term -
942 ## - ADDED ENTRY ELEMENTS (KOHA)
Source of classification or shelving scheme Dewey Decimal Classification
Koha item type Books
Holdings
Withdrawn status Lost status Damaged status Not for loan Home library Current library Date acquired Cost, normal purchase price Total Checkouts Total Renewals Barcode Date last seen Date last checked out Cost, replacement price Price effective from Koha item type Public note G
        JC Bose University of Science & Technology JC Bose University of Science & Technology 17/07/2010 110.00 7 2 12172 10/02/2025 28/01/2025 110.00 12/05/2023 Books C 1438
  Lost     JC Bose University of Science & Technology JC Bose University of Science & Technology 17/07/2010 110.00     12168 12/05/2023   110.00 12/05/2023 Books C 1438
        JC Bose University of Science & Technology JC Bose University of Science & Technology 17/07/2010 110.00 4 1 12169 28/05/2024 14/05/2024 110.00 12/05/2023 Books C 1438
        JC Bose University of Science & Technology JC Bose University of Science & Technology 17/07/2010 110.00     12170 12/05/2023   110.00 12/05/2023 Books C 1438
  Lost     JC Bose University of Science & Technology JC Bose University of Science & Technology 17/07/2010 110.00     12171 12/05/2023   110.00 12/05/2023 Books C 1438